U.S. Cities with the Most JetPunk Users - Statistics

General Stats
  • This quiz has been taken 1,581 times
    120 since last reset
  • The average score is 12 of 15
Answer Stats
% City % Correct
3.5 Chicago
99%
5.9 New York
99%
2.6 Los Angeles
98%
1.0 Houston
95%
1.9 Dallas
94%
1.9 Boston
90%
1.1 Miami
89%
1.4 Seattle
83%
0.7 Washington, DC
78%
0.7 Philadelphia
77%
1.7 Atlanta
72%
0.9 Phoenix
69%
0.7 Minneapolis
59%
1.2 San Jose
46%
5.4 Ashburn
12%
No matching quizzes found
Score Distribution
Percent of People with Each Score
Percentile by Number Answered
Your Score History
You have not taken this quiz since the last reset